All World Capitals together with a capital 14,000 km away - Statistics

General Stats
  • This quiz has been taken 29 times
  • The average score is 59 of 196
Answer Stats
# Capitals 14,000 km away Capital City % Correct
95 Madrid, Dakar, Lisbon, Rabat, Dublin, Nouakchott, Bissau, Praia, Banjul, Andorra la Vella… Canberra
95%
104 London, Paris, Madrid, Algiers, Lisbon, Rabat, Bern, Luxembourg, Monaco, Andorra la Vella… Wellington
76%
11 Wellington, Canberra, Port Moresby, Suva, Honiara, Apia, Port Vila, Nukuʻalofa, Funafuti, Yaren… London
71%
10 Jakarta, Kuala Lumpur, Singapore, Antananarivo, Wellington, Canberra, Port Moresby, Port Louis, Dili, Bandar Seri Begawan Ottawa
71%
14 Jakarta, Kuala Lumpur, Singapore, Colombo, Phnom Penh, Canberra, Port Moresby, Port Louis, Dili, Bandar Seri Begawan… Washington
71%
32 Tokyo, Seoul, Manila, Taipei, Hanoi, Pyongyang, Phnom Penh, Dili, Bandar Seri Begawan, Melekeok… Brasília
67%
116 Accra, Abuja, Yaoundé, Ouagadougou, Niamey, Lomé, N'Djamena, Libreville, Porto-Novo, Malabo… Apia
62%
49 Georgetown, Paramaribo, Bridgetown, Port-of-Spain, Kingstown, Saint John's, Castries, Roseau, Basseterre, Saint George's… Dili
62%
11 Wellington, Canberra, Port Moresby, Suva, Honiara, Apia, Port Vila, Nukuʻalofa, Funafuti, Yaren… Paris
62%
13 Wellington, Canberra, Suva, Honiara, Apia, Tarawa, Port Vila, Nukuʻalofa, Funafuti, Yaren… Andorra la Vella
57%
34 Jakarta, Bangkok, Kuala Lumpur, Singapore, Colombo, Phnom Penh, Port Louis, Male, Bandar Seri Begawan, Victoria… Guatemala City
57%
13 Wellington, Canberra, Port Moresby, Suva, Honiara, Apia, Port Vila, Nukuʻalofa, Funafuti, Yaren… Madrid
57%
44 Jakarta, Bangkok, Kuala Lumpur, Singapore, Colombo, Antananarivo, Port Louis, Male, Moroni, Victoria… Mexico City
57%
75 Dakar, Bamako, Conakry, Freetown, Monrovia, Nouakchott, Bissau, Paramaribo, Praia, Banjul… Port Moresby
57%
109 Dakar, Bamako, Conakry, Ouagadougou, Freetown, Monrovia, Nouakchott, Bissau, Praia, Banjul… Port Vila
57%
111 Accra, Bamako, Abuja, Conakry, Ouagadougou, Niamey, Nouakchott, Lomé, Porto-Novo, Yamoussoukro… Suva
57%
25 Buenos Aires, Lima, Santiago, Brasília, Quito, Asunción, La Paz, Montevideo, Georgetown, Paramaribo… Tokyo
57%
34 Tokyo, Seoul, Manila, Beijing, Taipei, Hanoi, Pyongyang, Ulaanbaatar, Naypyidaw, Vientiane… Buenos Aires
52%
28 Jakarta, Manila, Bangkok, Kuala Lumpur, Singapore, Phnom Penh, Vientiane, Dili, Bandar Seri Begawan, Melekeok… Caracas
52%
10 Wellington, Canberra, Port Moresby, Suva, Honiara, Apia, Port Vila, Nukuʻalofa, Funafuti, Yaren Dublin
52%
36 Bogotá, Caracas, Santo Domingo, Port-au-Prince, Quito, San José, Panama City, Kingston, Port-of-Spain, Saint George's… Jakarta
52%
14 Wellington, Canberra, Port Moresby, Suva, Honiara, Apia, Port Vila, Nukuʻalofa, Funafuti, Yaren… Lisbon
52%
29 Jakarta, Bangkok, Kuala Lumpur, Singapore, Colombo, Phnom Penh, Vientiane, Dili, Male, Bandar Seri Begawan… Managua
52%
43 Seoul, Beijing, Dhaka, Taipei, Hanoi, Pyongyang, Ulaanbaatar, Naypyidaw, Vientiane, Thimphu… Santiago
52%
35 Lima, Bogotá, Caracas, Quito, La Paz, San José, Panama City, Managua, Tegucigalpa, Port-of-Spain… Singapore
52%
35 Tokyo, Seoul, Manila, Beijing, Taipei, Hanoi, Pyongyang, Phnom Penh, Vientiane, Melekeok… Asunción
48%
19 Buenos Aires, Lima, Bogotá, Santiago, Brasília, Quito, Asunción, La Paz, Montevideo, Paramaribo… Beijing
48%
33 Jakarta, Manila, Bangkok, Kuala Lumpur, Singapore, Hanoi, Phnom Penh, Vientiane, Dili, Bandar Seri Begawan… Bogotá
48%
19 Buenos Aires, Lima, Bogotá, Santiago, Quito, Asunción, La Paz, San José, Montevideo, Panama City… Delhi
48%
39 Manila, Dhaka, Bangkok, Kuala Lumpur, Singapore, Hanoi, Phnom Penh, Naypyidaw, Vientiane, Bandar Seri Begawan… Lima
48%
34 Tokyo, Seoul, Manila, Beijing, Taipei, Hanoi, Pyongyang, Ulaanbaatar, Naypyidaw, Vientiane… Montevideo
48%
33 Buenos Aires, Lima, Bogotá, Santiago, Quito, Asunción, La Paz, San José, Montevideo, Panama City… Naypyidaw
48%
113 Accra, Algiers, Bamako, Abuja, Ouagadougou, Niamey, Tripoli, Lomé, N'Djamena, Porto-Novo… Nukuʻalofa
48%
30 Jakarta, Bangkok, Kuala Lumpur, Singapore, Colombo, Phnom Penh, Naypyidaw, Vientiane, Dili, Bandar Seri Begawan… Panama City
48%
19 Buenos Aires, Lima, Santiago, Brasília, Quito, Asunción, La Paz, Montevideo, Georgetown, Paramaribo… Seoul
48%
33 Buenos Aires, Lima, Santiago, Brasília, Quito, Asunción, La Paz, Montevideo, Georgetown, Paramaribo… Taipei
48%
29 Jakarta, Bangkok, Kuala Lumpur, Singapore, Colombo, Phnom Penh, Vientiane, Dili, Male, Bandar Seri Begawan… Tegucigalpa
48%
10 Wellington, Canberra, Port Moresby, Suva, Honiara, Apia, Port Vila, Nukuʻalofa, Funafuti, Yaren Amsterdam
43%
11 Wellington, Canberra, Port Moresby, Suva, Honiara, Apia, Port Vila, Nukuʻalofa, Funafuti, Yaren… Brussels
43%
11 Wellington, Canberra, Suva, Honiara, Apia, Tarawa, Port Vila, Nukuʻalofa, Funafuti, Yaren… Cairo
43%
33 Buenos Aires, Lima, Bogotá, Santiago, Quito, Asunción, La Paz, San José, Montevideo, Panama City… Dhaka
43%
33 Buenos Aires, Lima, Bogotá, Santiago, Brasília, Quito, Asunción, La Paz, Montevideo, Panama City… Hanoi
43%
6 Buenos Aires, Santiago, Wellington, Canberra, Suva, Honiara, Apia, Port Vila, Nukuʻalofa, Funafuti Helsinki
43%
87 Dakar, Bamako, Conakry, Freetown, Monrovia, Nouakchott, Bissau, Yamoussoukro, Praia, Banjul… Honiara
43%
16 Buenos Aires, Lima, Bogotá, Santiago, Quito, Asunción, La Paz, San José, Montevideo, Managua… Islamabad
43%
35 Lima, Bogotá, Caracas, Quito, La Paz, San José, San Salvador, Panama City, Managua, Tegucigalpa… Kuala Lumpur
43%
7 Buenos Aires, Santiago, Montevideo, Wellington, Canberra, Suva, Apia, Port Vila, Nukuʻalofa, Funafuti Moscow
43%
7 Wellington, Canberra, Port Moresby, Suva, Honiara, Apia, Port Vila, Nukuʻalofa, Funafuti, Yaren Oslo
43%
32 Jakarta, Manila, Bangkok, Kuala Lumpur, Singapore, Phnom Penh, Port Moresby, Dili, Bandar Seri Begawan, Melekeok… Paramaribo
43%
18 Buenos Aires, Lima, Santiago, Brasília, Quito, Asunción, La Paz, Montevideo, Georgetown, Paramaribo… Pyongyang
43%
34 Jakarta, Bangkok, Kuala Lumpur, Singapore, Colombo, Hanoi, Phnom Penh, Naypyidaw, Vientiane, Bandar Seri Begawan… Quito
43%
30 Jakarta, Bangkok, Kuala Lumpur, Singapore, Colombo, Phnom Penh, Vientiane, Dili, Male, Bandar Seri Begawan… San José
43%
7 Santiago, Wellington, Canberra, Port Moresby, Suva, Honiara, Apia, Port Vila, Nukuʻalofa, Funafuti Stockholm
43%
88 Accra, Bamako, Conakry, Ouagadougou, Freetown, Monrovia, Lomé, Porto-Novo, Yamoussoukro, São Tomé… Tarawa
43%
11 Wellington, Canberra, Suva, Honiara, Apia, Tarawa, Port Vila, Nukuʻalofa, Funafuti, Yaren… Athens
38%
26 Jakarta, Bangkok, Kuala Lumpur, Singapore, Colombo, Phnom Penh, Port Louis, Dili, Male, Bandar Seri Begawan… Belmopan
38%
8 Wellington, Canberra, Suva, Honiara, Apia, Tarawa, Port Vila, Nukuʻalofa, Funafuti, Yaren Bucharest
38%
7 Santiago, Wellington, Canberra, Suva, Honiara, Apia, Tarawa, Port Vila, Nukuʻalofa, Funafuti Kiev
38%
11 Wellington, Canberra, Port Moresby, Suva, Honiara, Apia, Port Vila, Nukuʻalofa, Funafuti, Yaren… Luxembourg
38%
63 Accra, Bamako, Conakry, Freetown, Monrovia, Lomé, Libreville, Porto-Novo, Yamoussoukro, São Tomé… Majuro
38%
32 Mexico City, Lima, Guatemala City, Quito, San José, San Salvador, Panama City, Managua, Tegucigalpa, Belmopan… Male
38%
48 Brasília, Asunción, La Paz, Georgetown, Paramaribo, Bridgetown, Port-of-Spain, Kingstown, Castries, Saint George's… Melekeok
38%
12 Wellington, Canberra, Suva, Honiara, Apia, Tarawa, Port Vila, Nukuʻalofa, Funafuti, Yaren… Monaco
38%
33 Buenos Aires, Lima, Bogotá, Santiago, Quito, Asunción, La Paz, San José, Montevideo, Panama City… Thimphu
38%
9 Buenos Aires, Lima, Bogotá, Santiago, Brasília, Quito, Asunción, La Paz, Montevideo, Paramaribo Ulaanbaatar
38%
10 Wellington, Canberra, Suva, Honiara, Apia, Tarawa, Port Vila, Nukuʻalofa, Funafuti, Yaren Zagreb
38%
8 Wellington, Canberra, Suva, Honiara, Apia, Tarawa, Port Vila, Nukuʻalofa, Funafuti, Yaren Berlin
33%
11 Wellington, Canberra, Suva, Honiara, Apia, Tarawa, Port Vila, Nukuʻalofa, Funafuti, Yaren… Bern
33%
9 Wellington, Canberra, Suva, Honiara, Apia, Tarawa, Port Vila, Nukuʻalofa, Funafuti, Yaren Budapest
33%
7 Wellington, Canberra, Suva, Honiara, Apia, Tarawa, Port Vila, Nukuʻalofa, Funafuti, Yaren Chișinău
33%
34 Mexico City, Lima, Guatemala City, Quito, San José, San Salvador, Panama City, Managua, Tegucigalpa, Belmopan… Colombo
33%
8 Wellington, Canberra, Port Moresby, Suva, Honiara, Apia, Port Vila, Nukuʻalofa, Funafuti, Yaren Copenhagen
33%
108 Accra, Bamako, Abuja, Ouagadougou, Monrovia, Niamey, Lomé, Porto-Novo, Yamoussoukro, Malabo… Funafuti
33%
30 Jakarta, Manila, Bangkok, Kuala Lumpur, Singapore, Phnom Penh, Port Moresby, Dili, Bandar Seri Begawan, Melekeok… Georgetown
33%
24 Jakarta, Bangkok, Kuala Lumpur, Singapore, Colombo, Phnom Penh, Port Louis, Dili, Male, Bandar Seri Begawan… Havana
33%
30 Buenos Aires, Lima, Bogotá, Santiago, Quito, Asunción, La Paz, San José, Montevideo, Panama City… Kathmandu
33%
36 Manila, Bangkok, Taipei, Kuala Lumpur, Singapore, Hanoi, Phnom Penh, Naypyidaw, Vientiane, Bandar Seri Begawan… La Paz
33%
41 Buenos Aires, Lima, Santiago, Brasília, Quito, Asunción, La Paz, Montevideo, Georgetown, Paramaribo… Manila
33%
7 Santiago, Wellington, Canberra, Suva, Honiara, Apia, Tarawa, Port Vila, Nukuʻalofa, Funafuti Minsk
33%
34 Lima, Bogotá, Santiago, Caracas, Quito, Asunción, La Paz, San José, Panama City, Georgetown… Phnom Penh
33%
23 Jakarta, Manila, Bangkok, Kuala Lumpur, Singapore, Phnom Penh, Vientiane, Dili, Bandar Seri Begawan, Melekeok… Port-au-Prince
33%
10 Wellington, Canberra, Suva, Honiara, Apia, Tarawa, Port Vila, Nukuʻalofa, Funafuti, Yaren Pristina
33%
5 Wellington, Canberra, Port Moresby, Dili, Suva, Honiara, Apia, Port Vila, Nukuʻalofa, Funafuti Reykjavík
33%
7 Santiago, Wellington, Canberra, Suva, Honiara, Apia, Tarawa, Port Vila, Nukuʻalofa, Funafuti Riga
33%
12 Wellington, Canberra, Suva, Honiara, Apia, Tarawa, Port Vila, Nukuʻalofa, Funafuti, Yaren… Rome
33%
11 Wellington, Canberra, Suva, Honiara, Apia, Tarawa, Port Vila, Nukuʻalofa, Funafuti, Yaren… San Marino
33%
6 Buenos Aires, Santiago, Wellington, Canberra, Suva, Honiara, Apia, Port Vila, Nukuʻalofa, Funafuti Tallinn
33%
10 Wellington, Canberra, Suva, Honiara, Apia, Tarawa, Port Vila, Nukuʻalofa, Funafuti, Yaren Tirana
33%
12 Wellington, Canberra, Suva, Honiara, Apia, Tarawa, Port Vila, Nukuʻalofa, Funafuti, Yaren… Valletta
33%
7 Santiago, Wellington, Canberra, Suva, Honiara, Apia, Tarawa, Port Vila, Nukuʻalofa, Funafuti Vilnius
33%
7 Wellington, Canberra, Suva, Honiara, Apia, Tarawa, Port Vila, Nukuʻalofa, Funafuti, Yaren Warsaw
33%
88 Accra, Dakar, Bamako, Conakry, Freetown, Monrovia, Lomé, Bissau, Yamoussoukro, Banjul… Yaren
33%
7 Buenos Aires, Lima, Santiago, Brasília, Quito, Asunción, La Paz, Montevideo, Wellington, Nukuʻalofa Astana
29%
34 Lima, Bogotá, Santiago, Caracas, Quito, Asunción, La Paz, San José, Panama City, Managua… Bangkok
29%
10 Wellington, Canberra, Suva, Honiara, Apia, Tarawa, Port Vila, Nukuʻalofa, Funafuti, Yaren Belgrade
29%
9 Wellington, Canberra, Suva, Honiara, Apia, Tarawa, Port Vila, Nukuʻalofa, Funafuti, Yaren Bratislava
29%
29 Jakarta, Manila, Bangkok, Kuala Lumpur, Singapore, Phnom Penh, Port Moresby, Dili, Bandar Seri Begawan, Melekeok… Bridgetown
29%
28 Jakarta, Manila, Bangkok, Kuala Lumpur, Singapore, Phnom Penh, Port Moresby, Dili, Bandar Seri Begawan, Melekeok… Castries
29%
24 Jakarta, Bangkok, Kuala Lumpur, Singapore, Colombo, Phnom Penh, Vientiane, Dili, Male, Bandar Seri Begawan… Kingston
29%
8 Wellington, Canberra, Suva, Honiara, Apia, Tarawa, Port Vila, Nukuʻalofa, Funafuti, Yaren Nicosia
29%
60 Accra, Dakar, Bamako, Conakry, Freetown, Monrovia, Bissau, Yamoussoukro, Praia, Banjul… Palikir
29%
10 Wellington, Canberra, Suva, Honiara, Apia, Tarawa, Port Vila, Nukuʻalofa, Funafuti, Yaren Podgorica
29%
8 Wellington, Canberra, Suva, Honiara, Apia, Tarawa, Port Vila, Nukuʻalofa, Funafuti, Yaren Prague
29%
20 Canberra, Port Moresby, Suva, Honiara, Tarawa, Port Vila, Majuro, Funafuti, Yaren, Palikir… Praia
29%
28 Jakarta, Manila, Bangkok, Kuala Lumpur, Singapore, Phnom Penh, Port Moresby, Dili, Bandar Seri Begawan, Melekeok… Saint George's
29%
29 Jakarta, Bangkok, Kuala Lumpur, Singapore, Colombo, Phnom Penh, Vientiane, Port Louis, Male, Bandar Seri Begawan… San Salvador
29%
23 Jakarta, Manila, Bangkok, Kuala Lumpur, Singapore, Phnom Penh, Port Moresby, Dili, Bandar Seri Begawan, Melekeok… Santo Domingo
29%
7 Buenos Aires, Lima, Bogotá, Santiago, Quito, Asunción, La Paz, San José, Montevideo, Wellington Tashkent
29%
10 Wellington, Canberra, Suva, Honiara, Apia, Tarawa, Port Vila, Nukuʻalofa, Funafuti, Yaren Vienna
29%
33 Buenos Aires, Lima, Bogotá, Santiago, Brasília, Quito, Asunción, La Paz, Montevideo, Panama City… Vientiane
29%
13 Wellington, Canberra, Suva, Honiara, Apia, Tarawa, Port Vila, Nukuʻalofa, Funafuti, Yaren… Algiers
24%
7 Wellington, Canberra, Suva, Honiara, Apia, Tarawa, Port Vila, Nukuʻalofa, Funafuti, Yaren Ankara
24%
15 Suva, Honiara, Apia, Tarawa, Port Vila, Majuro, Nukuʻalofa, Funafuti, Yaren, Palikir… Bamako
24%
42 Lima, Bogotá, Caracas, Quito, La Paz, Georgetown, Paramaribo, Port-of-Spain, Kingstown, Saint George's… Bandar Seri Begawan
24%
7 Buenos Aires, Lima, Bogotá, Santiago, Quito, Asunción, La Paz, San José, Montevideo, Wellington Dushanbe
24%
14 Buenos Aires, Lima, Bogotá, Santiago, Quito, Asunción, La Paz, San José, Montevideo, Managua… Kabul
24%
28 Jakarta, Manila, Bangkok, Kuala Lumpur, Singapore, Phnom Penh, Port Moresby, Dili, Bandar Seri Begawan, Melekeok… Kingstown
24%
10 Wellington, Canberra, Suva, Honiara, Apia, Tarawa, Port Vila, Nukuʻalofa, Funafuti, Yaren Ljubljana
24%
24 Jakarta, Manila, Kuala Lumpur, Singapore, Phnom Penh, Canberra, Port Moresby, Dili, Bandar Seri Begawan, Melekeok… Saint John's
24%
10 Wellington, Canberra, Suva, Honiara, Apia, Tarawa, Port Vila, Nukuʻalofa, Funafuti, Yaren Sarajevo
24%
10 Wellington, Canberra, Suva, Honiara, Apia, Tarawa, Port Vila, Nukuʻalofa, Funafuti, Yaren Skopje
24%
10 Wellington, Canberra, Suva, Honiara, Apia, Tarawa, Port Vila, Nukuʻalofa, Funafuti, Yaren Sofia
24%
12 Wellington, Canberra, Suva, Honiara, Apia, Tarawa, Port Vila, Nukuʻalofa, Funafuti, Yaren… Vatican City
24%
14 Mexico City, Lima, Santiago, Guatemala City, Quito, San Salvador, Wellington, Suva, Apia, Nukuʻalofa… Abu Dhabi
19%
13 Suva, Honiara, Apia, Tarawa, Port Vila, Majuro, Nukuʻalofa, Funafuti, Yaren, Palikir… Abuja
19%
14 Mexico City, Guatemala City, Havana, San José, San Salvador, Managua, Tegucigalpa, Nassau, Apia, Belmopan… Antananarivo
19%
8 Buenos Aires, Lima, Santiago, Quito, Asunción, La Paz, Montevideo, Wellington, Apia, Nukuʻalofa Ashgabat
19%
18 Port Moresby, Suva, Honiara, Tarawa, Port Vila, Majuro, Nukuʻalofa, Funafuti, Yaren, Palikir… Banjul
19%
7 Buenos Aires, Lima, Bogotá, Santiago, Brasília, Quito, Asunción, La Paz, San José, Montevideo Bishkek
19%
17 Port Moresby, Suva, Honiara, Tarawa, Port Vila, Majuro, Nukuʻalofa, Funafuti, Yaren, Palikir… Dakar
19%
7 Wellington, Canberra, Suva, Honiara, Apia, Tarawa, Port Vila, Nukuʻalofa, Funafuti, Yaren Damascus
19%
18 Port Moresby, Suva, Honiara, Tarawa, Port Vila, Majuro, Nukuʻalofa, Funafuti, Yaren, Palikir… Freetown
19%
10 Wellington, Suva, Honiara, Apia, Tarawa, Port Vila, Majuro, Nukuʻalofa, Funafuti, Yaren Khartoum
19%
12 Suva, Honiara, Apia, Tarawa, Port Vila, Majuro, Nukuʻalofa, Funafuti, Yaren, Palikir… Luanda
19%
17 Suva, Honiara, Apia, Tarawa, Port Vila, Majuro, Nukuʻalofa, Funafuti, Yaren, Palikir… Monrovia
19%
22 Jakarta, Bangkok, Kuala Lumpur, Singapore, Colombo, Phnom Penh, Canberra, Dili, Male, Bandar Seri Begawan… Nassau
19%
17 Canberra, Port Moresby, Suva, Honiara, Apia, Tarawa, Port Vila, Nukuʻalofa, Funafuti, Yaren… Nouakchott
19%
17 Mexico City, Guatemala City, Havana, San José, San Salvador, Panama City, Managua, Tegucigalpa, Nassau, Belmopan… Port Louis
19%
28 Jakarta, Manila, Bangkok, Kuala Lumpur, Singapore, Phnom Penh, Port Moresby, Dili, Bandar Seri Begawan, Melekeok… Port-of-Spain
19%
14 Wellington, Canberra, Port Moresby, Suva, Honiara, Apia, Port Vila, Nukuʻalofa, Funafuti, Yaren… Rabat
19%
25 Jakarta, Manila, Kuala Lumpur, Singapore, Phnom Penh, Canberra, Port Moresby, Dili, Bandar Seri Begawan, Melekeok… Roseau
19%
7 Buenos Aires, Lima, Santiago, Wellington, Canberra, Suva, Apia, Port Vila, Nukuʻalofa, Funafuti Tbilisi
19%
6 Buenos Aires, Lima, Santiago, La Paz, Montevideo, Wellington, Suva, Apia, Nukuʻalofa, Funafuti Tehran
19%
11 Wellington, Canberra, Suva, Honiara, Apia, Tarawa, Port Vila, Nukuʻalofa, Funafuti, Yaren… Vaduz
19%
13 Suva, Honiara, Apia, Tarawa, Port Vila, Majuro, Nukuʻalofa, Funafuti, Yaren, Palikir… Yaoundé
19%
7 Wellington, Canberra, Suva, Honiara, Apia, Tarawa, Port Vila, Nukuʻalofa, Funafuti, Yaren Amman
14%
10 Mexico City, Wellington, Suva, Apia, Tarawa, Port Vila, Majuro, Nukuʻalofa, Funafuti, Yaren Asmara
14%
7 Lima, Santiago, Wellington, Canberra, Suva, Apia, Tarawa, Port Vila, Nukuʻalofa, Funafuti Baghdad
14%
5 Buenos Aires, Lima, Santiago, Montevideo, Wellington, Suva, Apia, Port Vila, Nukuʻalofa, Funafuti Baku
14%
12 Suva, Honiara, Apia, Tarawa, Port Vila, Majuro, Nukuʻalofa, Funafuti, Yaren, Palikir… Bangui
14%
23 Jakarta, Manila, Kuala Lumpur, Singapore, Phnom Penh, Canberra, Port Moresby, Dili, Bandar Seri Begawan, Melekeok… Basseterre
14%
8 Wellington, Canberra, Suva, Honiara, Apia, Tarawa, Port Vila, Nukuʻalofa, Funafuti, Yaren Beirut
14%
18 Port Moresby, Suva, Honiara, Tarawa, Port Vila, Majuro, Nukuʻalofa, Funafuti, Yaren, Palikir… Bissau
14%
12 Suva, Honiara, Apia, Tarawa, Port Vila, Majuro, Nukuʻalofa, Funafuti, Yaren, Palikir… Brazzaville
14%
18 Port Moresby, Suva, Honiara, Tarawa, Port Vila, Majuro, Nukuʻalofa, Funafuti, Yaren, Palikir… Conakry
14%
8 Mexico City, Lima, Santiago, Guatemala City, Quito, Wellington, Suva, Apia, Nukuʻalofa, Funafuti Doha
14%
7 Wellington, Canberra, Suva, Honiara, Apia, Tarawa, Port Vila, Nukuʻalofa, Funafuti, Yaren Jerusalem
14%
12 Suva, Honiara, Apia, Tarawa, Port Vila, Majuro, Nukuʻalofa, Funafuti, Yaren, Palikir… Kinshasa
14%
13 Suva, Honiara, Apia, Tarawa, Port Vila, Majuro, Nukuʻalofa, Funafuti, Yaren, Palikir… Libreville
14%
14 Suva, Honiara, Apia, Tarawa, Port Vila, Majuro, Nukuʻalofa, Funafuti, Yaren, Palikir… Lomé
14%
11 Mexico City, Suva, Apia, Tarawa, Port Vila, Majuro, Nukuʻalofa, Funafuti, Yaren, Palikir… Lusaka
14%
7 Mexico City, Lima, Santiago, Guatemala City, Quito, Wellington, Suva, Apia, Nukuʻalofa, Funafuti Manama
14%
12 Mexico City, Guatemala City, San Salvador, Managua, Tegucigalpa, Suva, Apia, Nukuʻalofa, Belmopan, Funafuti… Mogadishu
14%
15 Suva, Honiara, Apia, Tarawa, Port Vila, Majuro, Nukuʻalofa, Funafuti, Yaren, Palikir… Ouagadougou
14%
14 Suva, Honiara, Apia, Tarawa, Port Vila, Majuro, Nukuʻalofa, Funafuti, Yaren, Palikir… Porto-Novo
14%
13 Wellington, Canberra, Suva, Honiara, Apia, Tarawa, Port Vila, Nukuʻalofa, Funafuti, Yaren… Tripoli
14%
13 Wellington, Canberra, Suva, Honiara, Apia, Tarawa, Port Vila, Nukuʻalofa, Funafuti, Yaren… Tunis
14%
7 Buenos Aires, Lima, Santiago, Wellington, Canberra, Suva, Apia, Port Vila, Nukuʻalofa, Funafuti Yerevan
14%
15 Suva, Honiara, Apia, Tarawa, Port Vila, Majuro, Nukuʻalofa, Funafuti, Yaren, Palikir… Accra
10%
10 Mexico City, Wellington, Suva, Apia, Tarawa, Port Vila, Majuro, Nukuʻalofa, Funafuti, Yaren Addis Ababa
10%
10 Mexico City, Guatemala City, San Salvador, Wellington, Suva, Apia, Tarawa, Port Vila, Nukuʻalofa, Funafuti Djibouti
10%
10 Mexico City, Guatemala City, Suva, Apia, Tarawa, Port Vila, Majuro, Nukuʻalofa, Funafuti, Yaren Dodoma
10%
9 Mexico City, Suva, Apia, Tarawa, Port Vila, Majuro, Nukuʻalofa, Funafuti, Yaren, Palikir Harare
10%
9 Mexico City, Guatemala City, Suva, Apia, Tarawa, Majuro, Nukuʻalofa, Funafuti, Yaren, Palikir Johannesburg
10%
11 Wellington, Suva, Honiara, Apia, Tarawa, Port Vila, Majuro, Nukuʻalofa, Funafuti, Yaren… Juba
10%
11 Mexico City, Suva, Honiara, Apia, Tarawa, Port Vila, Majuro, Nukuʻalofa, Funafuti, Yaren… Kampala
10%
7 Mexico City, Lima, Santiago, Quito, Wellington, Suva, Apia, Port Vila, Nukuʻalofa, Funafuti Kuwait City
10%
13 Suva, Honiara, Apia, Tarawa, Port Vila, Majuro, Nukuʻalofa, Funafuti, Yaren, Palikir… Malabo
10%
7 Mexico City, Guatemala City, Apia, Tarawa, Majuro, Nukuʻalofa, Belmopan, Funafuti, Yaren, Palikir Maputo
10%
15 Mexico City, Lima, Santiago, Guatemala City, Quito, San José, San Salvador, Managua, Apia, Nukuʻalofa… Muscat
10%
10 Mexico City, Guatemala City, Suva, Apia, Tarawa, Port Vila, Majuro, Nukuʻalofa, Funafuti, Yaren Nairobi
10%
13 Wellington, Suva, Honiara, Apia, Tarawa, Port Vila, Majuro, Nukuʻalofa, Funafuti, Yaren… N'Djamena
10%
14 Wellington, Suva, Honiara, Apia, Tarawa, Port Vila, Majuro, Nukuʻalofa, Funafuti, Yaren… Niamey
10%
5 Mexico City, Lima, Santiago, Guatemala City, Wellington, Suva, Apia, Port Vila, Nukuʻalofa, Funafuti Riyadh
10%
9 Mexico City, Guatemala City, San Salvador, Wellington, Suva, Apia, Tarawa, Port Vila, Nukuʻalofa, Funafuti Sana'a
10%
14 Suva, Honiara, Apia, Tarawa, Port Vila, Majuro, Nukuʻalofa, Funafuti, Yaren, Palikir… São Tomé
10%
16 Mexico City, Guatemala City, Quito, Havana, San José, San Salvador, Panama City, Managua, Tegucigalpa, Belmopan… Victoria
10%
11 Suva, Honiara, Apia, Tarawa, Port Vila, Majuro, Nukuʻalofa, Funafuti, Yaren, Palikir… Windhoek
10%
11 Suva, Honiara, Apia, Tarawa, Port Vila, Majuro, Nukuʻalofa, Funafuti, Yaren, Palikir… Bujumbura
5%
9 Mexico City, Suva, Apia, Tarawa, Port Vila, Majuro, Nukuʻalofa, Funafuti, Yaren, Palikir Gaborone
5%
12 Suva, Honiara, Apia, Tarawa, Port Vila, Majuro, Nukuʻalofa, Funafuti, Yaren, Palikir… Kigali
5%
9 Mexico City, Guatemala City, Suva, Apia, Tarawa, Port Vila, Majuro, Nukuʻalofa, Funafuti, Yaren Lilongwe
5%
7 Tokyo, Mexico City, Suva, Apia, Tarawa, Majuro, Nukuʻalofa, Funafuti, Yaren, Palikir Maseru
5%
8 Mexico City, Guatemala City, Suva, Apia, Tarawa, Majuro, Nukuʻalofa, Funafuti, Yaren, Palikir Mbabane
5%
16 Suva, Honiara, Apia, Tarawa, Port Vila, Majuro, Nukuʻalofa, Funafuti, Yaren, Palikir… Yamoussoukro
5%
14 Mexico City, Guatemala City, San Salvador, Managua, Tegucigalpa, Apia, Tarawa, Nukuʻalofa, Belmopan, Funafuti… Moroni
0%
No matching quizzes found
Score Distribution
Percent of People with Each Score
Percentile by Number Answered
Your Score History
You have not taken this quiz